Machine learning algorithms and applications (Record no. 396703)
[ view plain ]
| 000 -LEADER | |
|---|---|
| fixed length control field | 00664nam a2200241 4500 |
| 005 - DATE & TIME | |
| control field | 20260115121715.0 |
| 008 - FIXED-LENGTH DATA ELEMENTS--GENERAL INFORMATION | |
| fixed length control field | 260115b |||||||| |||| 00| 0 eng d |
| 020 ## - ISBN | |
| International Standard Book Number | 9781032937922 |
| Price | Rs.1095.00 |
| 040 ## - CATALOGING SOURCE | |
| Original cataloging agency | VIVEKANANDA LIBRARY |
| 082 ## - DDC NUMBER | |
| Classification number | 006.31 |
| Book Number | M726M |
| 100 ## - MAIN ENTRY--PERSONAL NAME | |
| Personal name | Mohammed, Mohssen |
| 245 ## - TITLE STATEMENT | |
| Title | Machine learning algorithms and applications |
| 250 ## - EDITION STATEMENT | |
| Edition statement | |
| 260 ## - PUBLICATION, DISTRIBUTION, ETC. (IMPRINT) | |
| Place of publication, distribution, etc | London |
| Name of publisher, distributor, etc | CRC Press Taylor and Francis Group |
| Date of publication, distribution, etc | 2025 |
| 300 ## - PHYSICAL DESCRIPTION | |
| Pages | xxii, 204 |
| 650 ## - Subject | |
| Subject | Computer Science |
| 650 ## - Subject | |
| Subject | Machine Learning |
| 650 ## - Subject | |
| Subject | Computer Algorithms |
| 700 ## - Added Entry Personal Name | |
| Added Entry Personal Name | Khan, Muhammad Badruddin |
| 700 ## - Added Entry Personal Name | |
| Added Entry Personal Name | Bashier, Eihab Bashier Mohammed |
| 942 ## - ADDED ENTRY ELEMENTS (KOHA) | |
| Koha item type | Books |
No items available.
